00369nam a2200109Ia 4500008004100000082000800041100003000049245006000079942000600139952009900145999001500244240331s9999 xx 000 0 und d bNew aBoston Women's Health. ed 4aThe new our bodies, ourselves :babook by and for women cL 001040708LaWERCLbWERCLcSSCd2024-03-31l0o 613.042 Newp1740r2024-03-31w2024-03-31yL c2653d2653